00480pab a2200157 454500008004000000100002500040245006600065260000900131300001300140362001000153650004100163650002900204650003700233650001800270773003400288180718b2017 xxu||||| |||| 00| 0 eng d aWouters, Jelle J.P.  aLand tax, reservation for women and customary law in Nagaland c2017 ap.20-23. a4 Mar aLocal government - India - Nagaland  aWomen - India - Nagaland aCustomary law - India - Nagaland aCustomary law aEconomic and Political Weekly